| 000 | 00805cam a2200253 4500 | ||
|---|---|---|---|
| 001 | 33563 | ||
| 005 | 20230410103648.0 | ||
| 008 | 690709r1969 nyuabc b 001 0 eng | ||
| 035 | _9(DLC) 75075217 | ||
| 035 | _a2691132 | ||
| 010 | _a75075217 | ||
| 040 |
_aDLC _cDLC _dDLC |
||
| 050 | 1 | 4 |
_a300 HC 240 _bH497i 1969 |
| 082 | 0 | 0 | _a330.94 |
| 100 | 1 |
_aHenderson, W. O. _q(William Otto), _d1904- |
|
| 245 | 1 | 4 |
_aThe industrialization of Europe, 1780-1914 _c[by] W. O. Henderson. |
| 250 | _a[1st American ed. | ||
| 260 |
_aNew York] : _bHarcourt, Brace & World, _c[1969] |
||
| 300 |
_a215 p. _billus. (part col.), maps, ports. _c21 cm. |
||
| 490 | 0 | _aHistory of European civilization library | |
| 504 | _aBibliography: p. 201-204. | ||
| 650 | 0 |
_aIndustrialization _zEurope _xHistory. |
|
| 942 |
_2lcc _cbk |
||
| 999 |
_c23447 _d23447 |
||